|
|
|
|
| LEADER |
00000cam a2200000 a 4500 |
| 001 |
vtls001058863 |
| 003 |
SK-MaSNL |
| 005 |
20260224144402.0 |
| 008 |
250414s1995 xo f 000 0 slo |
| 015 |
|
|
|a SNBA1995/0902398
|
| 020 |
|
|
|a 8071410691
|q (brož.)
|
| 035 |
|
|
|a SNK000001680
|
| 035 |
|
|
|a urn:nbn:sk:snk-amkuu8
|
| 035 |
|
|
|a urn:nbn:sk:snk-am004fcl
|
| 035 |
|
|
|a 05C81FCA-F5A6-4130-A4EB-C04705D3BE67
|
| 040 |
|
|
|a SNK
|b slo
|c SNK
|e AACR2
|
| 041 |
0 |
|
|a slo
|
| 044 |
|
|
|a xo
|c SK
|
| 080 |
|
|
|a 265.6
|2 1981
|
| 245 |
0 |
0 |
|a [Orientačné čítanie]
|n 2
|p Sviatosť zmierenia - svätá spoveď
|
| 246 |
3 |
0 |
|a Sviatosť zmierenia - svätá spoveď
|
| 260 |
|
|
|a Trnava
|b Dobrá kniha
|c 1995
|
| 300 |
|
|
|a 11 s.
|c 20 cm
|
| 852 |
|
|
|a Slovenská národná knižnica
|
| 919 |
|
|
|a 80-7141-069-1
|
| 954 |
|
|
|a spoveď
|a cvičenia duchovné
|
| 958 |
|
|
|a TL
|
| 999 |
|
|
|c 1047113
|d 1049043
|
| 952 |
|
|
|t P60, <09>, [BOOK], {629}
|a SNK
|b SNK
|y NEVYP
|7 0
|o snkC 1341
|i snk2604/950809
|0 0
|1 0
|4 0
|d 1995-08-08
|l 0
|r 2004-12-31 00:00:00
|w 2026-02-24
|
| 952 |
|
|
|t P60, <03>, [BOOK], {603}
|a SNK
|b SNK
|y PREZ
|7 0
|o snkSD 67329/2
|i snkKSP 7011/95
|0 0
|1 0
|4 0
|d 1995-08-08
|l 0
|r 2004-12-31 00:00:00
|w 2026-02-24
|
| 952 |
|
|
|a SNK
|b SNK
|y PREZ
|7 0
|p 17A1051082
|o snkSD 67329/2
|0 0
|1 0
|4 0
|d 2013-07-16
|l 0
|r 2026-02-24 14:44:02
|w 2026-02-24
|
| 952 |
|
|
|t P60, <04>, [BOOK], {604}
|a SNK
|b SNK
|y VYP
|7 0
|p 17A0344149
|o snkSD 67329/2 D1
|i snkKSP 7012/95
|0 0
|1 0
|4 0
|d 1995-08-08
|f 1
|l 0
|r 2004-12-31 00:00:00
|w 2026-02-24
|